Garden Song- Phoebe Bridgers Lyrics - Statistics

General Stats
  • This quiz has been taken 8 times
  • The average score is 215 of 219
Answer Stats
Answer % Correct
17
100%
a
100%
afraid
100%
all
100%
and
100%
And
100%
at
100%
be
100%
before
100%
But
100%
but
100%
do
100%
doctor
100%
don't
100%
door
100%
dorm
100%
dream
100%
everything
100%
Everything's
100%
except
100%
fence
100%
find
100%
flames
100%
flatbed
100%
frame
100%
from
100%
garden
100%
get
100%
getting
100%
goes
100%
gonna
100%
got
100%
grew
100%
grow
100%
growing
100%
hands
100%
hard
100%
haunted
100%
have
100%
hedge
100%
her
100%
here
100%
hill
100%
hopped
100%
house
100%
how
100%
Huntington
100%
I
100%
I'll
100%
I'm
100%
in
100%
insist
100%
into
100%
it
100%
it's
100%
just
100%
knew
100%
know
100%
leg
100%
life
100%
like
100%
live
100%
look
100%
maze
100%
me
100%
mean
100%
missing
100%
movies
100%
must
100%
my
100%
neighbor
100%
No
100%
not
100%
notches
100%
of
100%
on
100%
our
100%
over
100%
phone
100%
plant
100%
put
100%
recurring
100%
reflection
100%
remember
100%
resentment's
100%
room
100%
roses
100%
see
100%
should
100%
skinhead
100%
smaller
100%
Someday
100%
something
100%
taller
100%
that
100%
the
100%
The
100%
thousands
100%
tidal
100%
til
100%
to
100%
told
100%
touch
100%
turns
100%
up
100%
up,
100%
wake
100%
want
100%
wanted
100%
was
100%
water
100%
wave
100%
we
100%
went
100%
what
100%
when
100%
work
100%
yard
100%
you
100%
your
100%
bridge
80%
off
80%
then
80%
they're
80%
gluing
60%
scream
40%
livershe
20%
saying
20%
No matching quizzes found
Score Distribution
Percent of People with Each Score
Percentile by Number Answered
Your Score History
You have not taken this quiz